000 00352nam a2200133Ia 4500
005 20260328101450.0
008 260328s9999||||xx |||||||||||||| ||und||
100 _aSaldarriaga Roa, Alberto
245 0 _aLuis Restrepo - Arquitectura /
_cAlberto Saldarriaga Roa
260 _bVillegas Editores
300 _a207 p.
650 _aARQUITECTOS
942 _cBK
999 _c8626
_d8626